000 nam a22 7a 4500
999 _c10409
_d10409
008 180216b ||||| |||| 00| 0 eng d
100 _aChugh, R K
_96179
245 _aInformation Tecnology -III
260 _aNew Delhi
_bG, Ram Publication
_c2012